| 000 | 004650000a22001810004500 | ||
|---|---|---|---|
| 003 | MACL | ||
| 005 | 20160122125009.0 | ||
| 008 | 160122b xxu||||| |||| 00| 0 eng d | ||
| 040 |
_aMACL _cMACL |
||
| 041 | _aEnglish | ||
| 082 | _a721.044/POP | ||
| 100 |
_aPopovics, Sandor _934062 |
||
| 245 | _aConcrete Materials | ||
| 260 |
_bStandard Publishing Distributors _c2002 _aNew Delhi |
||
| 350 | _a550 | ||
| 650 |
_aArchitecture _9259 |
||
| 942 |
_cBK _k721.044/Pop _2ddc |
||
| 999 |
_c31804 _d31804 |
||